[Event "GER-ch 80th"]
[Site "Saarbruecken"]
[Date "2009.02.13"]
[Round "8"]
[White "Hirneise, Jens"]
[Black "Mueller, Hans Georg"]
[Result "0-1"]
[WhiteElo "2325"]
[BlackElo "2250"]
[EventDate "2009.02.06"]
[PlyCount "82"]

1. e4 d6 2. d4 Nf6 3. Nc3 g6 4. Be3 c6 5. h3 Bg7 6. f4 b5 7. e5 dxe5 8. dxe5 Qxd1+ 9. Rxd1 Nfd7 10. Nf3 Nb6 11. Bd3 b4 12. Ne4 Nd5 13. Bd2 a5 14. O-O Ba6 15. Nc5 O-O 16. a3 Bxd3 17. cxd3 Na6 18. Rc1 Rfb8 19. Nd4 bxa3 20. bxa3 Rb2 21. Rfd1 Nxc5 22. Rxc5 e6 23. Bc1 Ra2 24. Rxc6 Bf8 25. Nc2 Rb8 26. Kf1 Kg7 27. g3 Be7 28. Ke1 h6 29. h4 Bd8 30. Rc4 Rb1 31. Bd2 Rbb2 32. Rc1 Bb6 33. d4 Rb3 34. Kf2 Rd3 35. Rd1 Rb2 36. Ke2 Rxg3 37. Ne1 Nxf4+ 38. Kf2 Rxa3 39. Kf1 Nd5 40. Bc1 Ne3+ 41. Bxe3 Rxe3 0-1

[Event "GER-ch 80th"]
[Site "Saarbruecken"]
[Date "2009.02.13"]
[Round "8"]
[White "Hundack, Rolf"]
[Black "Riegler, Dieter"]
[Result "1-0"]
[WhiteElo "2139"]
[BlackElo "2142"]
[EventDate "2009.02.06"]
[PlyCount "59"]

1. c4 e5 2. Nc3 Nc6 3. g3 f5 4. Bg2 Nf6 5. d3 g6 6. Rb1 Bg7 7. b4 d6 8. b5 Ne7 9. Qb3 O-O 10. Nf3 h6 11. O-O Kh8 12. c5 g5 13. a4 Ng6 14. Ba3 g4 15. Nd2 Ne8 16. a5 Rb8 17. b6 axb6 18. axb6 cxb6 19. cxd6 Rf6 20. Qxb6 Qxb6 21. Rxb6 Nf8 22. Nd5 Rf7 23. Nc4 Be6 24. Nc7 Bxc4 25. dxc4 Nxc7 26. dxc7 Rc8 27. Bxb7 Rcxc7 28. Bd5 Rf6 29. Rxf6 Bxf6 30. Bxf8 1-0

[Event "GER-ch 80th"]
[Site "Saarbruecken"]
[Date "2009.02.13"]
[Round "8"]
[White "Malek, Daniel"]
[Black "Sternheimer, Erhard"]
[Result "1-0"]
[WhiteElo "2306"]
[BlackElo "2224"]
[EventDate "2009.02.06"]
[PlyCount "83"]

1. d4 Nf6 2. c4 e5 3. dxe5 Ng4 4. Bf4 Nc6 5. Nf3 Bb4+ 6. Nbd2 Qe7 7. e3 Ngxe5 8. Nxe5 Nxe5 9. Be2 O-O 10. O-O Bxd2 11. Qxd2 d6 12. b4 Re8 13. Rfc1 a5 14. c5 axb4 15. Bb5 Rd8 16. Qxb4 d5 17. Qc3 f6 18. a4 Bf5 19. h3 h6 20. Bg3 Kh8 21. a5 c6 22. Bf1 Rd7 23. Ra3 Bg6 24. Rca1 Qe6 25. Ra4 Bf7 26. Qd4 Rdd8 27. Qb4 Qd7 28. a6 bxa6 29. Rxa6 Rxa6 30. Rxa6 Nc4 31. Qa4 Rc8 32. Ra7 Qe6 33. Qa6 Kg8 34. Bd3 Nd2 35. Bd6 Ne4 36. Re7 Qf5 37. f3 Re8 38. fxe4 dxe4 39. Bxe4 Qg5 40. Rxe8+ Bxe8 41. Bxc6 Qxe3+ 42. Kh2 1-0

[Event "GER-ch 80th"]
[Site "Saarbruecken"]
[Date "2009.02.13"]
[Round "8"]
[White "Meier, Georg"]
[Black "Siebrecht, Sebastian"]
[Result "1-0"]
[WhiteElo "2608"]
[BlackElo "2440"]
[EventDate "2009.02.06"]
[PlyCount "83"]

1. e4 g6 2. d4 Bg7 3. Nf3 d6 4. Bc4 a6 5. Bb3 e6 6. c3 Nd7 7. O-O Ne7 8. a4 b6 9. Bf4 h6 10. Nbd2 g5 11. Be3 Ng6 12. Ne1 Bb7 13. Nd3 Nf6 14. f3 Qe7 15. a5 b5 16. c4 bxc4 17. Ba4+ Nd7 18. Qc2 O-O 19. Qxc4 c5 20. dxc5 Nxc5 21. Nxc5 Rfc8 22. Bd7 Ne5 23. Qb3 Nxd7 24. Nxb7 Rcb8 25. Ra4 Nc5 26. Nxc5 Rxb3 27. Ncxb3 Rc8 28. Rb4 Rc2 29. Rb6 d5 30. Rxa6 d4 31. Bf2 Rxb2 32. Rb6 Qc7 33. Ra1 d3 34. a6 Rxb3 35. Rxb3 Bxa1 36. a7 Qc1+ 37. Nf1 d2 38. a8=Q+ Kh7 39. Rd3 d1=Q 40. Rxd1 Qxd1 41. Qa7 Kg6 42. Qe3 1-0

[Event "GER-ch 80th"]
[Site "Saarbruecken"]
[Date "2009.02.13"]
[Round "8"]
[White "Oberhofer, Andre"]
[Black "Strunski, Andreas"]
[Result "0-1"]
[WhiteElo "2202"]
[BlackElo "2287"]
[EventDate "2009.02.06"]
[PlyCount "56"]

1. e4 c5 2. d4 cxd4 3. c3 dxc3 4. Nxc3 Nc6 5. Nf3 d6 6. Bc4 a6 7. O-O Nf6 8. Nd5 e6 9. Re1 Ne5 10. Nxe5 exd5 11. Qa4+ b5 12. Bxb5+ axb5 13. Qxa8 dxe5 14. exd5 Be7 15. Qc6+ Bd7 16. Qa6 Nxd5 17. Rxe5 Nb4 18. Qd6 Nc6 19. Re1 O-O 20. Qd5 Nb4 21. Qe4 Re8 22. Rd1 Bc5 23. Qf3 Qc8 24. Qg3 Bg4 25. Bh6 Bf8 26. f3 Bf5 27. Rac1 Qe6 28. Bf4 Nd3 0-1

[Event "GER-ch 80th"]
[Site "Saarbruecken"]
[Date "2009.02.13"]
[Round "8"]
[White "Strache, Michael"]
[Black "Mehlhorn, Uwe"]
[Result "1-0"]
[WhiteElo "2218"]
[BlackElo "2151"]
[EventDate "2009.02.06"]
[PlyCount "53"]

1. d4 d6 2. Nf3 g6 3. g3 Bg7 4. Bg2 Nd7 5. O-O e5 6. e4 Ngf6 7. Re1 O-O 8. h3 Re8 9. c4 c6 10. Nc3 Qb6 11. b3 exd4 12. Na4 Qa5 13. Nxd4 Nxe4 14. Rxe4 Rxe4 15. Bxe4 Qe5 16. Bd3 b5 17. cxb5 cxb5 18. Bxb5 Qxd4 19. Bb2 Qxd1+ 20. Rxd1 Ne5 21. f4 Nf3+ 22. Kf2 Bxb2 23. Nxb2 Bb7 24. Rxd6 g5 25. Be2 Rc8 26. Nc4 g4 27. hxg4 1-0

[Event "GER-ch 80th"]
[Site "Saarbruecken"]
[Date "2009.02.13"]
[Round "8"]
[White "Tabatt, Hendrik"]
[Black "Zierke, Oliver"]
[Result "1-0"]
[WhiteElo "2322"]
[BlackElo "2300"]
[EventDate "2009.02.06"]
[PlyCount "81"]

1. d4 d5 2. Nc3 Nf6 3. Bg5 Bf5 4. Bxf6 exf6 5. e3 c6 6. Bd3 Bxd3 7. Qxd3 Bd6 8. e4 dxe4 9. Qxe4+ Qe7 10. O-O-O Qxe4 11. Nxe4 Bf4+ 12. Kb1 O-O 13. Ne2 Bc7 14. Nc5 b6 15. Nb3 Nd7 16. d5 cxd5 17. Nc3 Rad8 18. Nxd5 Bd6 19. Nd4 Ne5 20. Nf5 Bb8 21. f4 Ng6 22. g3 Rde8 23. h4 h5 24. Rhf1 Rd8 25. c4 Rfe8 26. Kc2 Kh7 27. g4 Re2+ 28. Kb3 Kh8 29. gxh5 Nxf4 30. Nd4 Be5 31. Nxe2 Nxe2 32. a3 Ng3 33. Rfe1 Nxh5 34. Ne7 Rxd1 35. Rxd1 g6 36. Nc8 f5 37. Nxa7 f4 38. Nc6 Bf6 39. a4 Ng3 40. c5 bxc5 41. a5 1-0

[Event "GER-ch 80th"]
[Site "Saarbruecken"]
[Date "2009.02.13"]
[Round "8"]
[White "Von Herman, Ulf"]
[Black "Jorczik, Julian Marcel"]
[Result "1-0"]
[WhiteElo "2378"]
[BlackElo "2381"]
[EventDate "2009.02.06"]
[PlyCount "55"]

1. d4 Nf6 2. c4 g6 3. Nc3 Bg7 4. e4 d6 5. Bd3 O-O 6. Nge2 Nbd7 7. Bc2 a6 8. O-O c5 9. d5 b5 10. cxb5 Qa5 11. a4 axb5 12. Nxb5 Ba6 13. Bd2 Qb6 14. Nec3 Rfb8 15. Rb1 Ne8 16. Bd3 Nc7 17. Bg5 Ne5 18. Be2 Rb7 19. Kh1 h6 20. Be3 Qa5 21. b3 Qb4 22. Qc2 Qa5 23. f4 Nd7 24. Bd2 Qb6 25. Bc4 Rbb8 26. e5 dxe5 27. d6 Ne8 28. Nd5 1-0

[Event "GER-ch 80th"]
[Site "Saarbruecken"]
[Date "2009.02.13"]
[Round "8"]
[White "Wippermann, Till"]
[Black "Mayer, Frank1"]
[Result "1/2-1/2"]
[WhiteElo "2456"]
[BlackElo "2331"]
[EventDate "2009.02.06"]
[PlyCount "82"]

1. e4 c5 2. Nf3 e6 3. d4 cxd4 4. Nxd4 a6 5. Bd3 Bc5 6. Nb3 Be7 7. Qg4 g6 8. Qe2 d6 9. Be3 Nf6 10. f4 Nbd7 11. N1d2 Qc7 12. c4 b6 13. O-O Nc5 14. Nxc5 bxc5 15. e5 dxe5 16. fxe5 Qxe5 17. Nf3 Qh5 18. Bf4 Bb7 19. h3 Rd8 20. Qe3 g5 21. Nxg5 Rg8 22. Rf2 h6 23. Nh7 Nxh7 24. Bxh7 Rg7 25. Bc2 Bf6 26. Ba4+ Ke7 27. g4 Rxg4+ 28. Kf1 Bd4 29. hxg4 Qh1+ 30. Ke2 Qxa1 31. Bg5+ hxg5 32. Qxg5+ f6 33. Qg7+ Kd6 34. Qxb7 Bxf2 35. Qb6+ Ke5 36. Qxd8 Qe1+ 37. Kf3 Qe3+ 38. Kg2 Qg3+ 39. Kf1 Qg1+ 40. Ke2 Qe1+ 41. Kf3 Qe3+ 1/2-1/2

[Event "GER-ch 80th"]
[Site "Saarbruecken"]
[Date "2009.02.13"]
[Round "8"]
[White "Zelbel, Patrick"]
[Black "Zude, Erik"]
[Result "1-0"]
[WhiteElo "2294"]
[BlackElo "2397"]
[EventDate "2009.02.06"]
[PlyCount "111"]

1. e4 c5 2. c3 d6 3. d4 Nf6 4. Bd3 g6 5. h3 Bg7 6. Nf3 O-O 7. O-O Nc6 8. Be3 cxd4 9. cxd4 Nb4 10. Nc3 Nxd3 11. Qxd3 b6 12. b4 Bb7 13. d5 e6 14. Bd4 e5 15. Be3 Qd7 16. Nd2 Nh5 17. Ne2 f5 18. f3 Qa4 19. Qb3 Qb5 20. a4 Qd7 21. b5 Nf4 22. Bxf4 exf4 23. Rad1 g5 24. exf5 Rxf5 25. Ne4 Rd8 26. Rd2 Qf7 27. Rfd1 h5 28. Qb4 Qg6 29. a5 Kh8 30. axb6 axb6 31. Nd4 Rxd5 32. Nc6 Rxd2 33. Rxd2 Re8 34. Qxd6 Qxd6 35. Nxd6 Bxc6 36. Nxe8 Bxb5 37. Nxg7 Kxg7 38. Rb2 Bc4 39. Rxb6 h4 40. Kf2 Kf7 41. Rc6 Bd3 42. Rc3 Bb1 43. Rc6 Bd3 44. Rd6 Bc4 45. Ke1 Bb3 46. Kd2 Bc4 47. Kc3 Bf1 48. Rd2 Kf6 49. Kd4 Kf5 50. Ra2 Kf6 51. Ke4 Bb5 52. Rc2 Bf1 53. Rc6+ Kf7 54. Kf5 Bxg2 55. Rc7+ Kf8 56. Kg4 1-0

[Event "GER-ch 80th"]
[Site "Saarbruecken"]
[Date "2009.02.13"]
[Round "8"]
[White "Zude, Arno"]
[Black "Baramidze, David"]
[Result "0-1"]
[WhiteElo "2465"]
[BlackElo "2548"]
[EventDate "2009.02.06"]
[PlyCount "74"]

1. e4 e5 2. Nf3 Nc6 3. Bb5 a6 4. Bxc6 dxc6 5. O-O f6 6. d4 exd4 7. Nxd4 c5 8. Nb3 Qxd1 9. Rxd1 Bg4 10. f3 Be6 11. Be3 b6 12. a4 Kf7 13. a5 c4 14. Nd4 b5 15. Nxe6 Kxe6 16. Nc3 Bd6 17. Ne2 Ne7 18. Bf4 Be5 19. Nd4+ Kf7 20. Bxe5 fxe5 21. Nf5 Nxf5 22. exf5 Rad8 23. g4 g6 24. fxg6+ hxg6 25. h4 Rd6 26. Re1 Kf6 27. g5+ Kf5 28. Re4 Rd2 29. Rae1 Rxc2 30. Rxe5+ Kf4 31. R5e4+ Kg3 32. Rg4+ Kh3 33. h5 Rxh5 34. Re6 Rxb2 35. Rxg6 c3 36. Rc6 c2 37. g6 Rd5 0-1

[Event "GER-ch 80th"]
[Site "Saarbruecken"]
[Date "2009.02.14"]
[Round "9"]
[White "Beikert, Guenther"]
[Black "Wippermann, Till"]
[Result "1-0"]
[WhiteElo "2470"]
[BlackElo "2456"]
[EventDate "2009.02.06"]
[PlyCount "67"]

1. e4 c5 2. Nf3 Nc6 3. d4 cxd4 4. Nxd4 g6 5. Be2 Bg7 6. Nb3 Nf6 7. Nc3 d6 8. O-O O-O 9. Re1 b6 10. Bf1 Bb7 11. Nd5 Rc8 12. c3 e6 13. Nxf6+ Bxf6 14. Bf4 Ne5 15. Qd2 Qc7 16. Rad1 Rfd8 17. Bg5 Qe7 18. Bxf6 Qxf6 19. f4 Nc4 20. Qf2 e5 21. Bxc4 Rxc4 22. fxe5 Qxe5 23. Nd2 Rc7 24. Nf3 Qf6 25. Rd4 Re8 26. Qg3 Re6 27. Rxd6 Rxd6 28. e5 Qf5 29. exd6 Qc5+ 30. Nd4 Rd7 31. Re5 Qc8 32. Nf5 Kh8 33. Qe3 Rd8 34. Re8+ 1-0

[Event "GER-ch 80th"]
[Site "Saarbruecken"]
[Date "2009.02.14"]
[Round "9"]
[White "Boidman, Yuri"]
[Black "Fridman, Daniel"]
[Result "0-1"]
[WhiteElo "2415"]
[BlackElo "2650"]
[EventDate "2009.02.06"]
[PlyCount "65"]

1. c4 c5 2. Nf3 Nf6 3. Nc3 Nc6 4. g3 d5 5. cxd5 Nxd5 6. Bg2 Nc7 7. O-O e5 8. d3 Be7 9. b3 O-O 10. Bb2 Bg4 11. h3 Be6 12. Rc1 f6 13. Kh2 Qd7 14. Qc2 Rac8 15. Qb1 Nd4 16. e3 Nxf3+ 17. Bxf3 Bxh3 18. Rg1 Bg4 19. Bxb7 Rcd8 20. Be4 f5 21. Bg2 Qe8 22. Rh1 Ne6 23. Kg1 f4 24. f3 Bf5 25. e4 Bg6 26. Nd5 fxg3 27. Bxe5 Bg5 28. Re1 Bd2 29. Re2 Rxd5 30. exd5 Nd4 31. Qd1 Nxe2+ 32. Qxe2 Bf4 33. Bh3 0-1

[Event "GER-ch 80th"]
[Site "Saarbruecken"]
[Date "2009.02.14"]
[Round "9"]
[White "Buhmann, Rainer"]
[Black "Zelbel, Patrick"]
[Result "1-0"]
[WhiteElo "2565"]
[BlackElo "2294"]
[EventDate "2009.02.06"]
[PlyCount "79"]

1. Nf3 d5 2. d4 c6 3. c4 e6 4. e3 f5 5. Be2 Nf6 6. O-O Bd6 7. b3 Qe7 8. Bb2 O-O 9. Qc1 b6 10. Ba3 Bb7 11. Bxd6 Qxd6 12. Qa3 c5 13. cxd5 Nxd5 14. dxc5 bxc5 15. Qb2 Nd7 16. Nbd2 Rad8 17. Rac1 Qe7 18. Nc4 f4 19. e4 N5b6 20. Ncd2 c4 21. bxc4 Nc5 22. Qa3 Qc7 23. Rfe1 Nbd7 24. Bf1 e5 25. Qc3 Rf6 26. Qc2 Bc6 27. Nb1 Ba4 28. Qe2 Ra6 29. Nc3 Bc6 30. Nd5 Bxd5 31. cxd5 Qd6 32. Qc2 Ra3 33. Nd2 Qg6 34. Bb5 f3 35. g3 Qh6 36. Qb2 Ra5 37. Bxd7 Rxd7 38. Qb8+ Kf7 39. Nxf3 Nd3 40. Nxe5+ 1-0

[Event "GER-ch 80th"]
[Site "Saarbruecken"]
[Date "2009.02.14"]
[Round "9"]
[White "Heinig, Wolfram"]
[Black "Zude, Arno"]
[Result "0-1"]
[WhiteElo "2328"]
[BlackElo "2465"]
[EventDate "2009.02.06"]
[PlyCount "98"]

1. d4 e6 2. g3 Nf6 3. Bg2 c5 4. Nf3 b5 5. O-O Bb7 6. a4 b4 7. c4 cxd4 8. Qxd4 Na6 9. Bg5 Bc5 10. Bxf6 gxf6 11. Qf4 Be7 12. Nbd2 Nc5 13. Rfd1 h5 14. Ne1 Qb8 15. Bxb7 Qxf4 16. gxf4 Nxb7 17. Nd3 Na5 18. Kg2 f5 19. Kf3 Rb8 20. b3 Bf6 21. Rab1 Bc3 22. e3 Ke7 23. Ke2 Rhd8 24. Nf3 d5 25. cxd5 Rxd5 26. Nde1 Rbd8 27. Rxd5 Rxd5 28. Nd3 f6 29. Nh4 Kf7 30. f3 Rd8 31. Ng2 e5 32. fxe5 fxe5 33. Rd1 Rg8 34. Nh4 Nxb3 35. Nxf5 Rg2+ 36. Kf1 Rxh2 37. Nf2 Nd2+ 38. Ke2 Ke6 39. Ng3 Rg2 40. Nxh5 b3 41. Kd3 b2 42. Nh3 Rh2 43. N3f4+ exf4 44. Nxf4+ Kf7 45. Kxc3 b1=Q 46. Rxb1 Nxb1+ 47. Kb4 Rb2+ 48. Kc4 Nd2+ 49. Kc3 Ra2 0-1

[Event "GER-ch 80th"]
[Site "Saarbruecken"]
[Date "2009.02.14"]
[Round "9"]
[White "Khenkin, Igor"]
[Black "Tabatt, Hendrik"]
[Result "1-0"]
[WhiteElo "2644"]
[BlackElo "2322"]
[EventDate "2009.02.06"]
[PlyCount "63"]

1. d4 g6 2. e4 Bg7 3. Nf3 d6 4. Nc3 a6 5. a4 Nf6 6. h3 O-O 7. Be3 Nbd7 8. e5 Ne8 9. Bc4 Nb6 10. Bb3 a5 11. Qd2 c6 12. O-O-O d5 13. Rde1 Nc7 14. Bh6 Nc4 15. Bxc4 dxc4 16. Re4 Bh8 17. Bxf8 Qxf8 18. d5 Bd7 19. dxc6 Bxc6 20. Rxc4 Ne6 21. Ng5 Bxg2 22. Rg1 Nxg5 23. Qxg5 Bc6 24. Qe3 Qc8 25. f4 Bg7 26. Rd1 Qe6 27. b3 f6 28. Ne2 Bg2 29. Qf2 Bxh3 30. Nd4 Qb6 31. Qf3 Bd7 32. Qd5+ 1-0

[Event "GER-ch 80th"]
[Site "Saarbruecken"]
[Date "2009.02.14"]
[Round "9"]
[White "Markgraf, Alexander"]
[Black "Meier, Georg"]
[Result "1/2-1/2"]
[WhiteElo "2463"]
[BlackElo "2608"]
[EventDate "2009.02.06"]
[PlyCount "63"]

1. e4 e6 2. d4 d5 3. e5 c5 4. c3 Qb6 5. Nf3 Nc6 6. a3 Nh6 7. b4 cxd4 8. cxd4 Nf5 9. Bb2 Bd7 10. g4 Nh6 11. Rg1 f6 12. exf6 gxf6 13. Nc3 Nf7 14. Rc1 Bh6 15. Na4 Qd8 16. Rc3 b6 17. h4 Ne7 18. g5 fxg5 19. Ne5 Nxe5 20. dxe5 Ng6 21. Qh5 Bg7 22. Rxg5 O-O 23. Rcg3 Bxa4 24. Rxg6 hxg6 25. Qxg6 Rf7 26. Rg4 Rc8 27. Bd3 Rc4 28. Qh7+ Kf8 29. Rxg7 Rxg7 30. Qh8+ Rg8 31. Qh6+ Kf7 32. Qh5+ 1/2-1/2

[Event "GER-ch 80th"]
[Site "Saarbruecken"]
[Date "2009.02.14"]
[Round "9"]
[White "Mueller, Hans Georg"]
[Black "Von Herman, Ulf"]
[Result "0-1"]
[WhiteElo "2250"]
[BlackElo "2378"]
[EventDate "2009.02.06"]
[PlyCount "58"]

1. e4 c6 2. d4 d5 3. f3 g6 4. Be3 Bg7 5. Nc3 Qb6 6. exd5 Qxb2 7. Nge2 Nf6 8. Rb1 Qa3 9. dxc6 bxc6 10. Rb3 Qa5 11. Qb1 Nbd7 12. Bd2 O-O 13. Ne4 Qc7 14. c3 e5 15. dxe5 Nxe4 16. fxe4 Bxe5 17. g3 Nc5 18. Rb4 a5 19. Rc4 Qd6 20. Rd4 Qe7 21. Bg2 Ba6 22. Nf4 Rab8 23. Qc2 g5 24. Nh3 Bxd4 25. cxd4 Nd3+ 26. Kd1 Rb2 27. Qxc6 Nb4 28. Qc1 Rc2 29. Qa3 Qc7 0-1

[Event "GER-ch 80th"]
[Site "Saarbruecken"]
[Date "2009.02.14"]
[Round "9"]
[White "Mueller, Reinhold"]
[Black "Strache, Michael"]
[Result "1/2-1/2"]
[WhiteElo "2229"]
[BlackElo "2218"]
[EventDate "2009.02.06"]
[PlyCount "109"]

1. d4 d5 2. c4 dxc4 3. e3 e5 4. Bxc4 exd4 5. Nf3 Nc6 6. O-O d3 7. Nc3 Bg4 8. Qb3 Qd7 9. Bxf7+ Qxf7 10. Qxb7 Bxf3 11. Qxa8+ Kd7 12. gxf3 Qxf3 13. Rd1 Qg4+ 14. Kf1 Qh3+ 15. Ke1 Ne5 16. f4 Nf3+ 17. Kf2 Nh4 18. Rxd3+ Bd6 19. Rxd6+ cxd6 20. Qb7+ Kd8 21. Nb5 Qxh2+ 22. Kf1 Qh3+ 23. Ke2 Qd7 24. Qxd7+ Kxd7 25. Nxa7 Nf6 26. a4 Rb8 27. Nb5 h6 28. b4 g5 29. Bb2 Nd5 30. Rd1 Ke6 31. fxg5 hxg5 32. e4 Nxb4 33. Rxd6+ Kf7 34. Bc3 Na2 35. Bd2 g4 36. Kf2 Nf3 37. Kg3 Ra8 38. Kxg4 Nxd2 39. Rxd2 Rxa4 40. Kf5 Ra5 41. Rd5 Ke7 42. Nc3 Ra3 43. Re5+ Kf7 44. Nd5 Nc3 45. Re7+ Kf8 46. Rd7 Nxd5 47. Rxd5 Ra6 48. Re5 Kf7 49. Rc5 Ke7 50. Rc7+ Ke8 51. Ke5 Rb6 52. Kd5 Rh6 53. e5 Rg6 54. Rc6 Rxc6 55. Kxc6 1/2-1/2

[Event "GER-ch 80th"]
[Site "Saarbruecken"]
[Date "2009.02.14"]
[Round "9"]
[White "Oberhofer, Andre"]
[Black "Vatter, Hans Joachim"]
[Result "1-0"]
[WhiteElo "2202"]
[BlackElo "2322"]
[EventDate "2009.02.06"]
[PlyCount "97"]

1. e4 c5 2. d4 cxd4 3. c3 dxc3 4. Nxc3 Nc6 5. Nf3 d6 6. Bc4 a6 7. O-O Nf6 8. Qe2 Bg4 9. Rd1 e6 10. Bf4 Nh5 11. Bg5 Bxf3 12. Bxd8 Bxe2 13. Bxe2 Rxd8 14. Bxh5 g6 15. Be2 Bg7 16. Rac1 Ke7 17. Na4 Nd4 18. Bf1 Rc8 19. Nb6 Rc6 20. Rxc6 Nxc6 21. Rb1 Bd4 22. Nc4 Rf8 23. b4 b5 24. Ne3 Bxe3 25. fxe3 Rb8 26. Kf2 Kd8 27. h4 h6 28. a3 Kc7 29. Be2 Kb6 30. Kg3 Rb7 31. h5 g5 32. Rf1 Ne5 33. Rf6 Rc7 34. Rxh6 Rc3 35. Rh8 Rxa3 36. h6 Rxe3+ 37. Bf3 g4 38. h7 Ng6 39. Rg8 gxf3 40. Rxg6 fxg2+ 41. Kxg2 Re2+ 42. Kh3 fxg6 43. h8=Q Re3+ 44. Kg2 Rb3 45. Qb8+ Kc6 46. Qc8+ Kb6 47. Qxe6 Rxb4 48. Qxd6+ Ka5 49. Qd2 1-0

[Event "GER-ch 80th"]
[Site "Saarbruecken"]
[Date "2009.02.14"]
[Round "9"]
[White "Siebrecht, Sebastian"]
[Black "Gross, Georg"]
[Result "1-0"]
[WhiteElo "2440"]
[BlackElo "2351"]
[EventDate "2009.02.06"]
[PlyCount "79"]

1. d4 f5 2. g3 Nf6 3. Bg2 e6 4. c4 Be7 5. Nc3 O-O 6. Nh3 d6 7. Nf4 c6 8. Nd3 Nbd7 9. O-O e5 10. c5 exd4 11. Nf4 Nxc5 12. Qxd4 d5 13. Na4 Nfe4 14. Nxc5 Bxc5 15. Qa4 Qe7 16. Nd3 Bb6 17. Qc2 Bd7 18. b3 Bd4 19. Bb2 Bxb2 20. Qxb2 Rfe8 21. Rac1 b6 22. b4 Rac8 23. Rfd1 g5 24. Qb3 Qf6 25. b5 Kh8 26. bxc6 Bxc6 27. Nb4 Red8 28. Bxe4 fxe4 29. Nxd5 Qe5 30. Ne3 Be8 31. Rxc8 Rxc8 32. Ng4 Qe7 33. Rd5 h5 34. Qb2+ Qg7 35. Ne5 h4 36. h3 hxg3 37. fxg3 Kh7 38. Qd4 Rc7 39. Qxe4+ Bg6 40. Qg4 1-0

[Event "GER-ch 80th"]
[Site "Saarbruecken"]
[Date "2009.02.14"]
[Round "9"]
[White "Strohhaeker, Raoul"]
[Black "Bastian, Herbert"]
[Result "1-0"]
[WhiteElo "2451"]
[BlackElo "2361"]
[EventDate "2009.02.06"]
[PlyCount "63"]

1. e4 c5 2. Nf3 a6 3. c4 e6 4. d4 cxd4 5. Nxd4 Nf6 6. Nc3 Bb4 7. Bd3 Nc6 8. Nxc6 dxc6 9. e5 Ng4 10. Qxg4 Qxd3 11. Qxg7 Bxc3+ 12. bxc3 Qxc3+ 13. Bd2 Qxa1+ 14. Ke2 Qxa2 15. Qxh8+ Kd7 16. Rd1 b6 17. Ke1 Kc7 18. Bg5 a5 19. Qxh7 Qxc4 20. Qxf7+ Kb8 21. Rd8 Qb4+ 22. Bd2 Qe4+ 23. Be3 Qxe5 24. Qd7 Qa1+ 25. Ke2 Qa2+ 26. Bd2 Qc4+ 27. Ke3 Qc5+ 28. Kf4 Qf5+ 29. Kg3 Qg6+ 30. Kh4 Qf6+ 31. Bg5 Qxf2+ 32. Kh5 1-0

[Event "GER-ch 80th"]
[Site "Saarbruecken"]
[Date "2009.02.14"]
[Round "9"]
[White "Strunski, Andreas"]
[Black "Deglmann, Ludwig"]
[Result "1/2-1/2"]
[WhiteElo "2287"]
[BlackElo "2325"]
[EventDate "2009.02.06"]
[PlyCount "51"]

1. d4 f5 2. c4 Nf6 3. Nc3 d6 4. g3 g6 5. Bg2 Bg7 6. Nf3 O-O 7. O-O Qe8 8. d5 a5 9. Ne1 Na6 10. Nd3 Bd7 11. Bg5 Rb8 12. Rc1 e5 13. dxe6 Bxe6 14. b3 b6 15. Nf4 Kh8 16. h4 Nc5 17. Ncd5 Bxd5 18. Nxd5 Qf7 19. Bxf6 Bxf6 20. Qc2 Bg7 21. Bf3 Rbe8 22. Kg2 Ne4 23. Rcd1 Re5 24. Rh1 h5 25. e3 Rfe8 26. Rhe1 1/2-1/2

[Event "GER-ch 80th"]
[Site "Saarbruecken"]
[Date "2009.02.14"]
[Round "9"]
[White "Westphal, Wolfgang"]
[Black "Malek, Daniel"]
[Result "0-1"]
[WhiteElo "2242"]
[BlackElo "2306"]
[EventDate "2009.02.06"]
[PlyCount "64"]

1. e4 c6 2. d4 d5 3. exd5 cxd5 4. Bd3 Nc6 5. c3 Qc7 6. Ne2 Bg4 7. f3 Bd7 8. Bf4 e5 9. dxe5 Nxe5 10. Bxe5 Qxe5 11. Qb3 Bc5 12. c4 Nf6 13. Nbc3 Be3 14. Qa3 dxc4 15. Bxc4 Rc8 16. Bb5 Bxb5 17. Nxb5 Bc5 18. Qa4 O-O 19. Nbc3 Rfd8 20. Rd1 h6 21. Qf4 Qe6 22. Rxd8+ Rxd8 23. Qc7 Rc8 24. Qxb7 Re8 25. Kd1 Qf5 26. Ne4 Nxe4 27. fxe4 Rxe4 28. Nc3 Rf4 29. Qb5 Rf2 30. Qe8+ Bf8 31. Ke1 Qc2 32. Qe3 Rf6 0-1

[Event "GER-ch 80th"]
[Site "Saarbruecken"]
[Date "2009.02.14"]
[Round "9"]
[White "Zude, Erik"]
[Black "Zierke, Oliver"]
[Result "1/2-1/2"]
[WhiteElo "2397"]
[BlackElo "2300"]
[EventDate "2009.02.06"]
[PlyCount "51"]

1. d4 d5 2. c4 e6 3. Nc3 c5 4. cxd5 exd5 5. Nf3 Nc6 6. g3 Nf6 7. Bg2 Be7 8. O-O O-O 9. dxc5 Bxc5 10. Na4 Be7 11. Be3 Re8 12. Rc1 Bg4 13. Nc5 Bxc5 14. Bxc5 Qd7 15. Re1 Rac8 16. b3 Ne4 17. Ba3 d4 18. Bb2 Rcd8 19. Nxd4 Nxd4 20. Qxd4 Qxd4 21. Bxd4 Rxd4 22. f3 Be6 23. fxe4 Rd2 24. Rc7 Rb8 25. Ra1 Rxe2 26. Bf3 1/2-1/2